书目信息 |
| 题名: |
视觉表述
|
|
| 作者: | 向海涛 著 | |
| 分册: | ||
| 出版信息: | 重庆 西南师范大学出版社 1996.09 |
|
| 页数: | 166页 | |
| 开本: | 16开 | |
| 丛书名: | ||
| 单 册: | ||
| 中图分类: | J51 | |
| 科图分类: | ||
| 主题词: | 图案学 | |
| 电子资源: | ||
| ISBN: | 7-5621-1555-9 | |
| 000 | 00522nam0 2200193 45 | |
| 001 | 0009290752 | |
| 005 | 20000929071841.8 | |
| 010 | @a7-5621-1555-9@d75.00元 | |
| 100 | @a20000929d1996 km y0chiy0120 ea | |
| 101 | 0 | @achi |
| 105 | @a z 000yy | |
| 200 | 1 | @a视觉表述@AShi Jue Biao Shu@f向海涛著@FXiang Hai Tao Zhu |
| 210 | @a重庆@c西南师范大学出版社@d1996.09 | |
| 215 | @a166页@d16开 | |
| 606 | 0 | @a图案学 |
| 690 | @aJ51@v3 | |
| 701 | 0 | @a向海涛@4著 |
| 801 | @aCN@bPftUser@c20000929 | |
| 905 | @b406233-237@dJ51@eX810@f5 | |
| 视觉表述/向海涛著.-重庆:西南师范大学出版社,1996.09 |
| 166页;16开 |
| ISBN 7-5621-1555-9:75.00元 |
| ● |
| 相关链接 |
|
|
|
正题名:视觉表述
索取号:J51/X810
 
预约/预借
| 序号 | 登录号 | 条形码 | 馆藏地/架位号 | 状态 | 备注 |
| 1 | 406233 | 204062334 | 自科二线404/309社科库 86排4列2层/ [索取号:J51/X810] | 在馆 | |
| 2 | 406234 | 204062343 | 社科库309/309社科库 86排1列3层/ [索取号:J51/X810] | 在馆 | |
| 3 | 406235 | 204062352 | 社科库309/309社科库 86排1列3层/ [索取号:J51/X810] | 在馆 | |
| 4 | 406236 | 204062361 | 社科库309/ [索取号:J51/X810] | 在馆 | |
| 5 | 406237 | 204062370 | 自科二线404/309社科库 86排4列2层/ [索取号:J51/X810] | 在馆 |